| 000 | 01121nam a22002771a 4500 | ||
|---|---|---|---|
| 001 | 5582 | ||
| 003 | UkOxU | ||
| 005 | 20211208234106.0 | ||
| 008 | 131226s1981 ii a b 001 0 eng d | ||
| 035 | _aOCLC 13833601 from nso52 | ||
| 040 |
_aBNG _cBNG _dEQO _beng |
||
| 041 | _aeng | ||
| 082 |
_219 _a 333.7313091724 _bPAE 1981 |
||
| 100 | 1 |
_aPatnaik, S. C. _q(Srish Chandra) _917500 |
|
| 245 | 1 | 0 |
_aEconomics of regional development and planning in Third World countries / _cS.C. Patnaik |
| 260 |
_aNew Delhi : _bAssociated Publishing House, _cc1981 |
||
| 300 |
_axii, 177 p : _bill. ; _c23 cm |
||
| 500 | _a"First published in 1982 in the United States of America by Humanities Press, Inc., Atlantic Highlands, NJ."--Label on verso of t.p | ||
| 500 | _aImprint covered by label: Humanities Press, Atlantic Highlands, N.J | ||
| 504 | _aIncludes bibliographical references and index | ||
| 650 | 0 |
_aRegional planning _zDeveloping countries _912174 |
|
| 650 | 0 |
_aRegional planning _zIndia _99788 |
|
| 651 | 0 |
_aDeveloping countries _xEconomic policy _917501 |
|
| 651 | 0 |
_aIndia _xEconomic policy _y1947- _99789 |
|
| 942 |
_2ddc _cBK |
||
| 999 |
_c5582 _d5582 |
||